000 00736cam a22002174a 4500
020 _a0073122653 (alk. paper)
050 0 0 _aHD30.28
_b.B828 2006
100 1 _aBurgelman, Robert A.
245 1 0 _aStrategic dynamics :
_bconcepts and cases /
_cRobert A. Burgelman, Andrew S. Grove, with Philip E. Meza.
250 _a1st ed.
260 _aBoston :
_bMcGraw-Hill,
_cc2006.
300 _avii, 504 p. :
500 _aIncludes index
650 0 _bStrategic planning
650 0 _bInformation technology
700 1 _aGrove, Andrew S.
700 1 _aMeza, Philip E.
856 4 2 _uhttp://www.loc.gov/catdir/enhancements/fy0625/2005049135-d.html
856 4 1 _uhttp://www.loc.gov/catdir/enhancements/fy0625/2005049135-t.html
942 _cGEN
999 _c3148
_d3148